000 00604cam a2200181 4500500
005 20251228094945.0
041 _afre
042 _adc
100 1 0 _aQuint, Anne-Marie
_eauthor
245 0 0 _aQui saura résoudre cette énigme ?
260 _c2013.
500 _a65
520 _aUne énigme chez Francisco Manuel de Melo.
520 _aAn enigma in Francesco Manuel de Melo.
520 _aUm enigma em Francesco Manuel de Melo.
786 0 _nSigila | 31 | 1 | 2013-03-01 | p. 93-94 | 1286-1715
856 4 1 _uhttps://shs.cairn.info/revue-sigila-2013-1-page-93?lang=fr&redirect-ssocas=7080
999 _c1605201
_d1605201